| 000 | 00492nam a22001697a 4500 | ||
|---|---|---|---|
| 003 | GBCCL | ||
| 005 | 20251125111945.0 | ||
| 008 | 251125b |||||||| |||| 00| 0 eng d | ||
| 040 | _cGBC | ||
| 082 |
_a220.6 _bJOH 1 |
||
| 100 | _aJohn, C V | ||
| 245 |
_aTypology : _bstudy and interpretation of types and symbols in the Bible |
||
| 260 |
_aBangalore : _bEquipping indigenous ministries, _c2023 |
||
| 300 | _a233p. | ||
| 650 |
_aBible _vCriticism, interpretation, etc |
||
| 942 |
_2ddc _cBK _n0 |
||
| 999 |
_c11070 _d11070 |
||